LEADER 01486nam a2200349 a 4500 001 000000129673 003 CaOOAMICUS 005 20120717093944.0 008 120717s2012 it u000 u ita r 020 $a978-88-420-9906-2 040 $aPUL$bita 041 1 $aita$hger 082 04$a341.2 100 1 $aHabermas, Jürgen,$d1929-$0(OLS)http://pul/name/516 240 10$aZur Verfassung Europas.$lItaliano.$0(OLS)http://pul/title/163910 245 10$aQuesta Europa è in crisi /$cJürgen Habermas : traduzione di Carlo Mainoldi. 260 $aBari ; Roma :$bGius. Laterza & figli,$c©2012. 300 $aXII, 98 p. ;$c21 cm 490 1 $aAnticorpi ;$v27 504 $aBibliografia in nota. 610 14$aUnione europea$xCostituzione.$0(OLS)http://pul/subject/33874 610 14$aUnione europea$xDiritti politici e civili.$0(OLS)http://pul/subject/38162 700 1 $aMainoldi, Carlo.$0(OLS)http://pul/name/73538 830 0$aAnticorpi ;$v27.$0(OLS)http://pul/title/163912 850 $aPUL 852 $aPUL$W1$xSL Diritto e Scienze Sociali 3$y79$m341. 2 HABJU 1$j150152$qDDC 21$B148690$CPULBib$Z2$F148690 $H120160 $82 941 1 $a9 996 $6020$a978-88-420-9906-2$9(OLS)http://pul/number/150298 996 $6082$a341.2$9(OLS)http://pul/classification/1860 996 $6245$aQuesta Europa è in crisi$9(OLS)http://pul/title/163911 996 $6260$aBari ; Roma :$bGius. Laterza & figli$9(OLS)http://pul/publisher/81307 LEADER 01266nam a2200265 u 4500 001 000000019712 003 CaOOAMICUS 005 20070226110822.0 008 950218s1976 be u000 u lat u 035 $a10475413 040 $aEFR$bita 041 0 $alat$ageo 100 1 $aMolitor, Joseph,$csac.,$d1903-$0(OLS)http://pul/name/3411 245 10$aGlossarium ibericum in Epistolas Paulinas antiquoris versionis /$ccomposuit Joseph Molitor. 260 $aLouvain :$bSecrétariat du CorpusSCO,$c1976. 300 $aviii, 163 p., ;$c26 cm 490 1 $aCorpus scriptorum christianorum orientalium ;$v373.$aSubsidia ;$vt. 49 630 04$aBiblia.$pN.T.$xDizionari.$0(OLS)http://pul/subject/13270 830 0$aCorpus scriptorum Christianorum Orientalium ;$v373.$0(OLS)http://pul/title/40 830 0$aCorpus scriptorum Christianorum Orientalium.$pSubsidia ;$v49.$0(OLS)http://pul/title/292 850 $aPUL 852 $aPUL$W1$xSL Religione 1$y3$m10(3) H 373$j27646$nBK-PRI$b $qStampati$B27646$CPULBib$Z2$F27646 $H89838 $81 941 1 $a8 996 $6245$aGlossarium ibericum in Epistolas Paulinas antiquoris versionis$9(OLS)http://pul/title/27893 996 $6260$aLouvain :$bSecrétariat du CorpusSCO$9(OLS)http://pul/publisher/47859